00610nam a22002177a 450000500170000001000130001702000230003003500130005303700160006604000120008208200130009410000190010724500720012624600060019826000510020427000460025530000240030150000230032565000150034865000290036320170124110230.0 aB-021781 c175.00a8185989494 aB-021781 bCen Lib/Ret aDPLbEN a000bMAT aMathur, Kunal  aSelf study course for archetecture entrace test /cby Kunal Mathur  b  bGalgotia Publishing Company aNew Delhi c2000 bNew Delhi a6A/4, WEA karol bag e110005 ax, 308p.c21cm(pbk) aIncludes appendix  aGeneralia  aGeneral knowledge books